Actualidades Biológicas (Registro nro. 16662)
[ vista simple ]
| 000 -CABECERA | |
|---|---|
| Campo de control | 00680 as a2200241 4500 |
| 005 - FECHA Y HORA DE LA ULTIMA TRANSACCION | |
| Campo de control | 20200104041725.0 |
| 008 - ELEMENTOS DE LONGITUD FIJA—INFORMACION GENERAL | |
| Campo de control | 150812b1972 ck fr|p|rg||| 00| 0 spa d |
| 022 ## - ISSN | |
| ISSN | 03043584 |
| 040 ## - FUENTE DE CATALOGACIÓN | |
| Agencia catalogadora original | CO-BoIAVH |
| Agencia transcriptora | CO-BoIAVH |
| 041 0# - IDIOMA | |
| Código de idioma para texto/pista de sonido o título separado | Español |
| 044 ## - PAÍS DE PUBLICACIÓN | |
| País de publicación | Colombia |
| 090 ## - CLASIFICACIÓN LOCAL | |
| Colección | SE |
| 110 1# - ASIENTO PRINCIPAL--NOMBRE CORPORATIVO | |
| Nombre corporativo o de jurisdicción como elemento de entrada | Universidad de Antioquia |
| 245 10 - MENCION DE TITULO | |
| Título | Actualidades Biológicas |
| 260 ## - PUBLICACION, DISTRIBUCION, ETC. (PIE DE IMPRENTA) | |
| Nombre del editor, distribuidor, etc. | Universidad de Antioquia: |
| Lugar de publicación, distribución, etc. | Colombia, |
| Fecha de publicación, distribución, etc. | 1972-. |
| 310 ## - FRECUENCIA ACTUAL DE LA PUBLICACIÓN | |
| Frecuencia actual de la publicación | Semestral |
| 321 ## - FRECUENCIA ANTERIOR DELA PUBLICACIÓN | |
| Frecuencia anterior de la publicación | Desconocido |
| 505 ## - NOTA DE CONTENIDO | |
| Nota de contenido | Se publican artículos semestralmente en materia de ciencias biológicas. |
| 650 #6 - ASIENTO SECUNDARIO DE MATERIA - TERMINO TEMATICO | |
| Término temático o nombre geográfico como elemento de entrada | Ciencias biológicas |
| 9 (RLIN) | 36755 |
| 650 #6 - ASIENTO SECUNDARIO DE MATERIA - TERMINO TEMATICO | |
| Término temático o nombre geográfico como elemento de entrada | Biología |
| 9 (RLIN) | 92 |
| 650 #6 - ASIENTO SECUNDARIO DE MATERIA - TERMINO TEMATICO | |
| 9 (RLIN) | 36758 |
| Término temático o nombre geográfico como elemento de entrada | Ciencias naturales |
| 942 ## - ELEMENTOS ADICIONALES (KOHA) | |
| Tipo de ítem | Periodica o revista |
| Sistema de clasificación | Local |
| Serial record | 1 |
| Koha issues (borrowed), all copies | 1 |
| Withdrawn status | Lost status | Sistema de Clasificación | Damaged status | No para préstamo | Colección | Fecha publicación (Año) | Volumen revista | Número revista | Inventariado | Ubicación Permanente | Ubicación actual | Fecha de adquisición | Precio | Datos de publicación Seriada | Total Checkouts | Número topográfico | Inventario / Código de Barras | Date last seen | Ejemplar | Price effective from | Forma de adquisición | Tipo de material | Date checked out |
|---|---|---|---|---|---|---|---|---|---|---|---|---|---|---|---|---|---|---|---|---|---|---|---|
| Local | Hemeroteca | 2009 | 31 | 91 | Inventariado 2017 | Bogotá | Bogotá | 12/08/2015 | 16000.00 | Vol 31, Nro 91 | SE | 029695 | 12/08/2015 | Ej. 1 | 12/08/2015 | Canje | Periodica o revista | ||||||
| Local | Hemeroteca | 2007 | 29 | 1 | Inventariado 2017 | Bogotá | Bogotá | 12/08/2015 | 16000.00 | Vol 29, Suplemento 1 | SE | 029693 | 12/08/2015 | Ej. 1 | 12/08/2015 | Canje | Periodica o revista | ||||||
| Local | Hemeroteca | 2010 | 32 | 92 | Inventariado 2017 | Bogotá | Bogotá | 12/08/2015 | 16000.00 | Vol 32, Nro 92 | SE | 029696 | 12/08/2015 | Ej. 1 | 12/08/2015 | Canje | Periodica o revista | ||||||
| Local | Hemeroteca | 2010 | 32 | 93 | Inventariado 2017 | Bogotá | Bogotá | 12/08/2015 | 16000.00 | Vol 32, Nro 93 | SE | 029697 | 12/08/2015 | Ej. 1 | 12/08/2015 | Periodica o revista | |||||||
| Local | Hemeroteca | 2011 | 33 | 94 | Inventariado 2017 | Bogotá | Bogotá | 12/08/2015 | 16000.00 | Vol 33, Nro 94 | SE | 029698 | 12/08/2015 | Ej. 1 | 12/08/2015 | Canje | Periodica o revista | ||||||
| Local | Hemeroteca | 2011 | 33 | 95 | Inventariado 2017 | Bogotá | Bogotá | 12/08/2015 | 16000.00 | Vol 33, Nro 95 | SE | 029699 | 12/08/2015 | Ej. 1 | 12/08/2015 | Canje | Periodica o revista | ||||||
| Local | Hemeroteca | 2012 | 34 | 96 | Inventariado 2017 | Bogotá | Bogotá | 12/08/2015 | 16000.00 | Vol 34, Nro 96 | SE | 029700 | 12/08/2015 | Ej. 1 | 12/08/2015 | Canje | Periodica o revista | ||||||
| Local | Hemeroteca | 2012 | 34 | 97 | Inventariado 2017 | Bogotá | Bogotá | 12/08/2015 | 16000.00 | Vol 34, Nro 97 | SE | 058023 | 12/08/2015 | Ej. 1 | 12/08/2015 | Canje | Periodica o revista | ||||||
| Local | Hemeroteca | 2013 | 35 | 98 | Inventariado 2017 | Bogotá | Bogotá | 12/08/2015 | 16000.00 | Vol 35, Nro 98 | SE | 058295 | 12/08/2015 | Ej. 1 | 12/08/2015 | Canje | Periodica o revista | ||||||
| Local | Hemeroteca | 2014 | 36 | 100 | Inventariado 2017 | Bogotá | Bogotá | 12/08/2015 | 16000.00 | Vol 36, Nro 100 | SE | 038609 | 12/08/2015 | Ej. 1 | 12/08/2015 | Canje | Periodica o revista | ||||||
| Local | Hemeroteca | 2014 | 36 | 101 | Inventariado 2017 | Bogotá | Bogotá | 12/08/2015 | 16000.00 | Vol 36, Nro 101 | SE | 038617 | 12/08/2015 | Ej. 1 | 12/08/2015 | Canje | Periodica o revista | ||||||
| Local | Hemeroteca | 2015 | 37 | 102 | Inventariado 2017 | Bogotá | Bogotá | 12/08/2015 | 16000.00 | Vol 37, Nro 102 | SE | 042020 | 12/08/2015 | Ej. 1 | 12/08/2015 | Canje | Periodica o revista | ||||||
| Local | Hemeroteca | 2015 | 37 | 103 | Inventariado 2017 | Bogotá | Bogotá | 12/08/2015 | 16000.00 | Vol 37, Nro 103 | SE | 039178 | 12/08/2015 | Ej. 1 | 12/08/2015 | Canje | Periodica o revista | ||||||
| Local | Hemeroteca | 2016 | 38 | 104 | Inventariado 2017 | Bogotá | Bogotá | 01/07/2016 | 16000.00 | Vol 38, Nro 104 | 1 | SE- | 040541 | 12/10/2016 | Ej. 1 | 01/07/2016 | Canje | Periodica o revista | 02/09/2016 | ||||
| Local | Hemeroteca | 2016 | 38 | 105 | Inventariado 2017 | Bogotá | Bogotá | 27/10/2016 | 16000.00 | Vol 38, Nro 105 | SE | 040787 | 27/10/2016 | Ej. 1 | 27/10/2016 | Canje | Periodica o revista | ||||||
| Local | Hemeroteca | 1985 | 14 | 53 | Inventariado 2017 | Bogotá | Bogotá | 26/01/2017 | 16000.00 | Vol 14, No 53 | SE | 015068 | 26/01/2017 | Ej. 1 | 26/01/2017 | Donación | Periodica o revista | ||||||
| Local | Hemeroteca | 1985 | 14 | 54 | Inventariado 2017 | Bogotá | Bogotá | 26/01/2017 | 16000.00 | Vol 14, No 54 | SE | 004434 | 26/01/2017 | Ej. 1 | 26/01/2017 | Donación | Periodica o revista | ||||||
| Local | Hemeroteca | 1989 | 18 | 66 | Inventariado 2017 | Bogotá | Bogotá | 26/01/2017 | 16000.00 | Vol 18, No 66 | SE | 004435 | 26/01/2017 | Ej. 1 | 26/01/2017 | Donación | Periodica o revista | ||||||
| Local | Hemeroteca | 2003 | 25 | 79 | Inventariado 2017 | Bogotá | Bogotá | 26/01/2017 | 16000.00 | Vol 25, No 79 | SE | 014599 | 26/01/2017 | Ej. 1 | 26/01/2017 | Donación | Periodica o revista | ||||||
| Local | Hemeroteca | 2003 | 25 | 78 | Inventariado 2017 | Bogotá | Bogotá | 26/01/2017 | 16000.00 | Vol 25, No 78 | SE | 009974 | 26/01/2017 | Ej. 1 | 26/01/2017 | Donación | Periodica o revista | ||||||
| Local | Hemeroteca | 2006 | 28 | 84 | Inventariado 2017 | Bogotá | Bogotá | 26/01/2017 | 16000.00 | Vol 28, No 84 | SE | 024371 | 26/01/2017 | Ej. 1 | 26/01/2017 | Donación | Periodica o revista | ||||||
| Local | Hemeroteca | 1999 | 21 | 71 | Inventariado 2017 | Bogotá | Bogotá | 26/01/2017 | 16000.00 | Vol 21, No 71 | SE | 004443 | 26/01/2017 | Ej. 1 | 26/01/2017 | Donación | Periodica o revista | ||||||
| Local | Hemeroteca | 2002 | 24 | 76 | Inventariado 2017 | Bogotá | Bogotá | 26/01/2017 | 16000.00 | Vol 24, No 76 | SE | 004451 | 26/01/2017 | Ej. 1 | 26/01/2017 | Donación | Periodica o revista | ||||||
| Local | Hemeroteca | 1999 | 21 | 70 | Inventariado 2017 | Bogotá | Bogotá | 26/01/2017 | 16000.00 | Vol 21, No 70 | SE | 004441 | 26/01/2017 | Ej. 1 | 26/01/2017 | Donación | Periodica o revista | ||||||
| Local | Hemeroteca | 1998 | 20 | 69 | Inventariado 2017 | Bogotá | Bogotá | 26/01/2017 | 16000.00 | Vol 20, No 69 | SE | 004440 | 26/01/2017 | Ej. 1 | 26/01/2017 | Donación | Periodica o revista | ||||||
| Local | Hemeroteca | 2002 | 24 | 77 | Inventariado 2017 | Bogotá | Bogotá | 26/01/2017 | 16000.00 | Vol 24, No 77 | SE | 004452 | 26/01/2017 | Ej. 1 | 26/01/2017 | Donación | Periodica o revista | ||||||
| Local | Hemeroteca | 2004 | 26 | 81 | Inventariado 2017 | Bogotá | Bogotá | 26/01/2017 | 16000.00 | Vol 26, No 81 | SE | 017833 | 26/01/2017 | Ej. 1 | 26/01/2017 | Donación | Periodica o revista | ||||||
| Local | Hemeroteca | 2000 | 22 | 72 | Inventariado 2017 | Bogotá | Bogotá | 26/01/2017 | 16000.00 | Vol 22, No 72 | SE | 004444 | 26/01/2017 | Ej. 1 | 26/01/2017 | Donación | Periodica o revista | ||||||
| Local | Hemeroteca | 2008 | 30 | 88 | Inventariado 2017 | Bogotá | Bogotá | 26/01/2017 | 16000.00 | Vol 30, No 88 | SE | 040973 | 26/01/2017 | Ej. 1 | 26/01/2017 | Donación | Periodica o revista | ||||||
| Local | Hemeroteca | 2001 | 23 | 75 | Inventariado 2017 | Bogotá | Bogotá | 26/01/2017 | 16000.00 | Vol 23, No 75 | SE | 004449 | 26/01/2017 | Ej. 1 | 26/01/2017 | Donación | Periodica o revista | ||||||
| Local | Hemeroteca | 2000 | 22 | 73 | Inventariado 2017 | Bogotá | Bogotá | 26/01/2017 | 16000.00 | Vol 22, No 73 | SE | 004446 | 26/01/2017 | Ej. 1 | 26/01/2017 | Donación | Periodica o revista | ||||||
| Local | Hemeroteca | 2009 | 31 | Suplemento 1 | Inventariado 2017 | Bogotá | Bogotá | 26/01/2017 | 16000.00 | Vol 31, Suplemento 1 | SE | 027406 | 26/01/2017 | Ej. 1 | 26/01/2017 | Donación | Periodica o revista | ||||||
| Local | Hemeroteca | 2001 | 23 | 74 | Inventariado 2017 | Bogotá | Bogotá | 26/01/2017 | 16000.00 | Vol 23, No 74 | SE | 004447 | 26/01/2017 | Ej. 1 | 26/01/2017 | Donación | Periodica o revista | ||||||
| Local | Hemeroteca | 1998 | 20 | 68 | Inventariado 2017 | Bogotá | Bogotá | 26/01/2017 | 16000.00 | Vol 20 No 68 | SE | 004438 | 26/01/2017 | Ej. 1 | 26/01/2017 | Donación | Periodica o revista | ||||||
| Local | Hemeroteca | 2004 | 26 | 80 | Inventariado 2017 | Bogotá | Bogotá | 26/01/2017 | 16000.00 | Vol 26, No 80 | SE | 016856 | 26/01/2017 | Ej. 1 | 26/01/2017 | Donación | Periodica o revista | ||||||
| Local | Hemeroteca | 2007 | 29 | 86 | Inventariado 2017 | Bogotá | Bogotá | 26/01/2017 | 16000.00 | Vol 29, No 86 | SE | 025818 | 26/01/2017 | Ej. 1 | 26/01/2017 | Donación | Periodica o revista | ||||||
| Local | Hemeroteca | 2007 | 29 | 87 | Inventariado 2017 | Bogotá | Bogotá | 26/01/2017 | 16000.00 | Vol 29, No 87 | SE | 040972 | 26/01/2017 | Ej. 1 | 26/01/2017 | Donación | Periodica o revista | ||||||
| Local | Hemeroteca | 2008 | 30 | 89 | Inventariado 2017 | Bogotá | Bogotá | 26/01/2017 | 16000.00 | Vol 30, No 89 | SE | 027405 | 26/01/2017 | Ej. 1 | 26/01/2017 | Donación | Periodica o revista | ||||||
| Local | Hemeroteca | 2009 | 31 | 90 | Inventariado 2017 | Bogotá | Bogotá | 01/04/2017 | 16000.00 | Vol 31, No 90 | SE | 041141 | 01/04/2017 | Ej. 1 | 01/04/2017 | Donación | Periodica o revista | ||||||
| Local | Hemeroteca | 2017 | 39 | 106 | Bogotá | Bogotá | 11/05/2018 | 16000.00 | Vol 39, No 106 | SE | 030105 | 11/05/2018 | Ej. 1 | 11/05/2018 | Donación | Periodica o revista | |||||||
| Local | Hemeroteca | 2017 | 39 | 107 | Bogotá | Bogotá | 12/09/2018 | 16000.00 | Vol 39, No 107 | SE | 030226 | 12/09/2018 | Ej. 1 | 12/09/2018 | Donación | Periodica o revista |